The Jataka or stories of the Buddha's former births (vol.2)/ (Record no. 173801)

000 -LEADER
fixed length control field 00434nam a22001577a 4500
020 ## - INTERNATIONAL STANDARD BOOK NUMBER
ISBN 9788170202936
082 ## - DEWEY DECIMAL CLASSIFICATION NUMBER
Classification number 294.382 325
Item number COW/J.2
245 ## - TITLE STATEMENT
Title The Jataka or stories of the Buddha's former births (vol.2)/
Statement of responsibility, etc by Cowell E B (ed.)
260 ## - PUBLICATION, DISTRIBUTION, ETC. (IMPRINT)
Place of publication Newdelhi:
Name of publisher Cosmo Publications,
Year of publication 2014.
300 ## - PHYSICAL DESCRIPTION
Number of Pages 316p.
650 ## - SUBJECT ADDED ENTRY--TOPICAL TERM
Topical Term Buddhism
650 ## - SUBJECT ADDED ENTRY--TOPICAL TERM
Topical Term Religion
700 ## - ADDED ENTRY--PERSONAL NAME
Personal name Cowell E B (ed.)
700 ## - ADDED ENTRY--PERSONAL NAME
Personal name Rouse W H D (tr.)
942 ## - ADDED ENTRY ELEMENTS (KOHA)
Koha item type Book
Holdings
Withdrawn status Lost status Damaged status Not for loan Permanent Location Current Location Shelving location Date acquired Cost, normal purchase price Full call number Accession Number Price effective from Koha item type
        Sree Sankaracharya University of Sanskrit Sree Sankaracharya University of Sanskrit Reference 14.06.2022 1000.00 R 294.382 325 COW/J.2 102801 14.06.2022 Reference